Que mangent ces personnages de fiction ? - Statistiques

Statistiques générales
  • Ce quiz a été pris 236 fois
  • Le résultat moyen est 14 sur 20
Statistiques - réponses
Indice Aliment % Correct
Bugs Bunny est toujours en train d'en grignoter une Carotte
99%
Winnie l'Ourson ne peut résister à ce mets sucré Miel
99%
Plat italien dont raffole Garfield Lasagnes
96%
Plat que Lady et Clochard partagent avec amour Spaghettis à la bolognaise
96%
Plat préféré des Tortues Ninjas Pizza
95%
Breuvage qui donne une force surhumaine aux irréductibles gaulois Potion magique
95%
Homer Simpson vendrait son âme pour un de ces beignets Donut
94%
Obélix en a certainement dévoré une centaine au cours de ses aventures Sangliers
94%
Aliment qui donne sa force à Popeye Épinards
92%
Cet alcool est le talon d'Achille du capitaine Haddock Whisky
79%
Bob l'Éponge en cuisine chaque jour (et en raffole !) Pâtés de {crabe}
78%
Plat préféré de Naruto, qui se mange dans un bol Ramen
75%
Cocktail favori de James Bond (au shaker, pas à la cuillère) Vodka Martini
70%
Marque de bière consommée par ce même Homer Simpson Duff
57%
Boisson des dieux grecs, elle leur assure leur immortalité Nectar
55%
Cette plante est le mets favori des Schtroumpfs Salsepareille
47%
Gâteau immangeable et pourtant aimé de Casimir Gloubi-boulga
43%
Plat que le Glaude et le Bombé partagent avec la Denrée Soupe aux choux
39%
Nourriture divine de ces mêmes dieux grecs Ambroisie
28%
Pain de route elfique, utile en Terre du Milieu Lembas
15%
Aucun quiz correspondant
Distribution des résultats
% des personnes avec chaque résultat
Percentile par nombre de réponses
Votre historique - résultats
Vous n’avez pas pris ce quiz